Una vieja (Record no. 98693)
[ view plain ]
| 000 -LEADER | |
|---|---|
| campo de control de longitud fija | 01021nam a2200217 i 4500 |
| 001 - NÚMERO DE CONTROL | |
| campo de control | 98693 |
| 003 - IDENTIFICADOR DE NÚMERO DE CONTROL | |
| campo de control | ES-MaACL |
| 005 - FECHA Y HORA DE LA ÚLTIMA TRANSACCIÓN | |
| campo de control | 20230906182341.0 |
| 007 - CAMPO FIJO DE DESCRIPCIÓN FÍSICA--INFORMACIÓN GENERAL | |
| campo de control de longitud fija | t| |
| 008 - DATOS DE LONGITUD FIJA--INFORMACIÓN GENERAL | |
| campo de control de longitud fija | 051020s1862 sp ||||1| spa d |
| 100 1# - ENTRADA PRINCIPAL--NOMBRE DE PERSONA | |
| Nombre de persona | Camprodón, Francisco. |
| 9 (RLIN) | 34301 |
| 245 14 - MENCIÓN DEL TÍTULO | |
| Título | Una vieja |
| Resto del título | : zarzuela en un acto, arreglada a la escena española / |
| Mención de responsabilidad, etc. | por Francisco Camprodón ; música del maestro Gaztambide. |
| 250 ## - MENCION DE EDICION | |
| Mención de edición | 3ª ed. |
| 260 ## - PUBLICACIÓN, DISTRIBUCIÓN, ETC. | |
| Lugar de publicación, distribución, etc. | Madrid : |
| Nombre del editor, distribuidor, etc. | [s.n.], |
| Fecha de publicación, distribución, etc. | 1862 ( |
| Fabricante | Impr. de José Rodríguez) |
| 300 ## - DESCRIPCIÓN FÍSICA | |
| Extensión | 40 p. ; |
| Dimensiones | 19 cm. |
| 500 ## - NOTA GENERAL | |
| Nota general | En port.: Representada por primera vez en el teatro de la Zarzuela en diciembre de 1860. |
| 500 ## - NOTA GENERAL | |
| Nota general | Solo la letra. |
| 700 1# - ENTRADA AGREGADA--NOMBRE PERSONAL | |
| Nombre de persona | Gaztambide, Joaquín. |
| 9 (RLIN) | 56168 |
| 852 ## - LOCALIZACIÓN | |
| Ubicación | ES-MaACL |
| Número de control de estantería | D-2993(7) |
| condición física | . - Encuadernado con otras obras |
| Nota libre | .- Legado M. la Fuente |
| 852 1# - LOCALIZACIÓN | |
| Ubicación | BA |
| Número de control de estantería | F-8622(8) |
| Nota libre | .- Enc. pasta española |
| condición física | .- Falto de la cub. original |
| Nota libre | .- Enc. en un vol. facticio formando parte de la col. facticia "Teatro español moderno", vol. 77 .- |
| -- | .- Firma ms. de Gustavo Saenz Diez, 1877 |
| Estatus retirado | Estado de pérdida | Estado de daño | No para préstamo | Colección | Biblioteca de origen | Biblioteca actual | Ubicación en estantería | Fecha de adquisición | Fuente de adquisición | Total de préstamos | Signatura topográfica completa | Código de barras | Visto por última vez | Precio de reemplazo | Tipo de ítem Koha |
|---|---|---|---|---|---|---|---|---|---|---|---|---|---|---|---|
| Libros del s. XIX | Biblioteca del Ateneo de Madrid | Biblioteca del Ateneo de Madrid | Sala Pecera Planta 2 | 27/01/2010 | F-8622(8) | 1182488 | 23/02/2023 | 23/02/2023 | Libro impreso antiguo | ||||||
| Libros del s. XIX | Biblioteca del Ateneo de Madrid | Biblioteca del Ateneo de Madrid | Sala Valle Inclán | 17/01/2008 | D-2993(7) | 901103033 | 23/02/2023 | 23/02/2023 | Libro impreso antiguo |
